[Event "Edmonton Summer op"]
[Site "Edmonton"]
[Date "2009.06.04"]
[Round "1"]
[White "Girardin, Donald"]
[Black "Camphaug, Lincoln"]
[Result "0-1"]
[WhiteElo "1331"]
[BlackElo "1618"]
[PlyCount "136"]
[EventDate "2009.06.04"]
[EventType "swiss"]
[EventRounds "5"]
[EventCountry "CAN"]
[SourceTitle "EXT 2011"]
[Source "ChessBase"]
[SourceDate "2010.11.26"]
[SourceVersion "1"]
[SourceVersionDate "2010.11.26"]
[SourceQuality "1"]

1. d4 Nf6 2. Nf3 d5 3. e3 e6 4. Bd3 Be7 5. Nbd2 0-0 6. Qe2 Nbd7 7. 0-0 c5 8. c3 Re8 9. Re1 Qc7 10. e4 dxe4 11. Nxe4 h6 12. Ne5 Nxe4 13. Qxe4 Nf6 14. Qh4 Bf8 15. Ng4 Nxg4 16. Qxg4 f5 17. Qg6 Qf7 18. Qxf7+ Kxf7 19. Bf4 Bd7 20. Be5 Rac8 21. b3 cxd4 22. cxd4 Bb4 23. Rec1 Ba3 24. Rxc8 Rxc8 25. Bc4 b5 26. Bd3 Bc6 27. f4 a6 28. Re1 Bb7 29. Kf2 Rd8 30. g4 fxg4 31. Rg1 Bf3 32. Be2 Bxe2 33. Kxe2 g6 34. Rxg4 h5 35. Rg1 Rc8 36. Kd3 Bb4 37. Ke4 Rc2 38. a4 Re2+ 39. Kf3 Rxh2 40. Rb1 Rc2 41. Ke4 bxa4 42. bxa4 a5 43. d5 Rc4+ 44. Kd3 exd5 45. Bd4 Rc8 46. Rg1 Be7 47. Be5 Bf6 48. Kd4 Bxe5+ 49. fxe5 Rc4+ 50. Kxd5 Rxa4 51. Rf1+ Ke7 52. Rf6 Rg4 53. Re6+ Kf7 54. Rf6+ Kg7 55. Rf1 Rg5 56. Kd6 Rg2 57. e6 Rd2+ 58. Ke7 a4 59. Rf7+ Kg8 60. Rf8+ Kg7 61. Rd8 Rxd8 62. Kxd8 a3 63. e7 a2 64. e8Q a1Q 65. Qd7+ Kh6 66. Qd2+ Kh7 67. Qd7+ Qg7 68. Qxg7+ Kxg7 0-1

[Event "Edmonton Obama op"]
[Site "Edmonton"]
[Date "2008.11.13"]
[Round "2"]
[White "Camphaug, Lincoln"]
[Black "Mendryk, Wayne"]
[Result "1-0"]
[WhiteElo "1624"]
[BlackElo "1422"]
[PlyCount "73"]
[EventDate "2008.11.06"]
[EventType "swiss"]
[EventRounds "4"]
[EventCountry "CAN"]
[SourceTitle "EXT 2022"]
[Source "ChessBase"]
[SourceDate "2021.10.06"]
[SourceVersion "1"]
[SourceVersionDate "2021.10.06"]
[SourceQuality "1"]

1. e4 c6 2. d4 d5 3. exd5 cxd5 4. Bd3 Nf6 5. h3 Nbd7 6. Nf3 e6 7. 0-0 Bd6 8. Re1 Qc7 9. Qe2 0-0 10. Ne5 Re8 11. Nd2 Nf8 12. c3 g6 13. Ndf3 Bxe5 14. Nxe5 Nh5 15. g4 Ng7 16. Bg5 a6 17. Bf6 Nd7 18. Nxd7 Bxd7 19. Qe3 Qd6 20. Qh6 Qf8 21. Qf4 Rec8 22. Re5 Rc6 23. h4 Ne8 24. g5 Rac8 25. Re3 b5 26. Ree1 Ng7 27. Be5 Nh5 28. Qf3 Rb6 29. Be2 a5 30. Qe3 b4 31. Bxh5 gxh5 32. Qf3 f5 33. gxf6 Qf7 34. Kh2 Kh8 35. Rg1 Rg8 36. Rxg8+ Qxg8 37. f7+ 1-0

[Event "Canadian op"]
[Site "Edmonton"]
[Date "2005.07.17"]
[Round "10"]
[White "Camphaug, Lincoln"]
[Black "O'Brien, Sandy"]
[Result "1-0"]
[WhiteElo "1602"]
[BlackElo "1392"]
[PlyCount "47"]
[EventDate "2005.07.09"]
[EventType "swiss"]
[EventRounds "10"]
[EventCountry "CAN"]
[SourceTitle "CBM 107 Extra"]
[Source "ChessBase"]
[SourceDate "2005.09.01"]
[SourceVersion "1"]
[SourceVersionDate "2005.09.01"]
[SourceQuality "1"]

1. e4 e5 2. Nf3 Nc6 3. Bb5 a6 4. Ba4 Nf6 5. 0-0 b5 6. Bb3 Be7 7. Re1 d5 8. exd5 Nxd5 9. Nxe5 Nxe5 10. Rxe5 c6 11. d4 0-0 12. c3 Bd6 13. Re1 Qh4 14. g3 Qh3 15. a4 Bg4 16. Qd3 b4 17. c4 Nf6 18. Be3 Bf3 19. Qf1 Qh5 20. Nd2 Bg4 21. h4 Rfe8 22. Qg2 Bf5 23. Qxc6 Be7 24. Bg5 1-0

[Event "Canadian op"]
[Site "Edmonton"]
[Date "2005.07.14"]
[Round "7"]
[White "Gonzalez, Ivan1111"]
[Black "Camphaug, Lincoln"]
[Result "1-0"]
[WhiteElo "1839"]
[BlackElo "1602"]
[PlyCount "39"]
[EventDate "2005.07.09"]
[EventType "swiss"]
[EventRounds "10"]
[EventCountry "CAN"]
[SourceTitle "CBM 107 Extra"]
[Source "ChessBase"]
[SourceDate "2005.09.01"]
[SourceVersion "1"]
[SourceVersionDate "2005.09.01"]
[SourceQuality "1"]

1. d4 Nf6 2. c4 c5 3. e3 e6 4. Nf3 Be7 5. g3 0-0 6. Bg2 d5 7. cxd5 cxd4 8. dxe6 dxe3 9. exf7+ Rxf7 10. Qxd8+ Bxd8 11. Bxe3 Re7 12. 0-0 Nc6 13. Nc3 h6 14. Nh4 Re8 15. Ng6 Bf5 16. Nf4 Nb4 17. Rad1 Nc6 18. Nb5 Bg4 19. Rc1 Bd7 20. Nd6 1-0

[Event "Canadian op"]
[Site "Edmonton"]
[Date "2005.07.11"]
[Round "4"]
[White "Camphaug, Lincoln"]
[Black "Campbell, Brett"]
[Result "0-1"]
[WhiteElo "1602"]
[BlackElo "2250"]
[PlyCount "38"]
[EventDate "2005.07.09"]
[EventType "swiss"]
[EventRounds "10"]
[EventCountry "CAN"]
[SourceTitle "CBM 107 Extra"]
[Source "ChessBase"]
[SourceDate "2005.09.01"]
[SourceVersion "1"]
[SourceVersionDate "2005.09.01"]
[SourceQuality "1"]

1. e4 g6 2. d4 Bg7 3. c3 d6 4. Nf3 Nf6 5. e5 dxe5 6. Nxe5 0-0 7. Bc4 c5 8. Qb3 e6 9. Be3 Nd5 10. Nf3 Nxe3 11. fxe3 Bh6 12. e4 cxd4 13. cxd4 Nc6 14. Qc3 Bg7 15. e5 Nxd4 16. 0-0 Nxf3+ 17. Rxf3 Bd7 18. Bb3 Qg5 19. Qe3 Qxe5 0-1

[Event "Canadian op"]
[Site "Edmonton"]
[Date "2005.07.10"]
[Round "2"]
[White "Camphaug, Lincoln"]
[Black "Greber, Caitlin"]
[Result "1-0"]
[WhiteElo "1602"]
[BlackElo "1060"]
[PlyCount "69"]
[EventDate "2005.07.09"]
[EventType "swiss"]
[EventRounds "10"]
[EventCountry "CAN"]
[SourceTitle "CBM 107 Extra"]
[Source "ChessBase"]
[SourceDate "2005.09.01"]
[SourceVersion "1"]
[SourceVersionDate "2005.09.01"]
[SourceQuality "1"]

1. e4 e5 2. Nf3 Nc6 3. Bb5 a6 4. Ba4 b5 5. Bb3 Bc5 6. 0-0 Nf6 7. Nxe5 Nxe5 8. d4 Nc4 9. dxc5 Nxe4 10. Re1 f5 11. f3 0-0 12. fxe4 Bb7 13. Nd2 fxe4 14. Nxe4 Re8 15. Bxc4+ bxc4 16. Bg5 Qc8 17. Qg4 d5 18. Qxc8 Raxc8 19. Nd2 Rxe1+ 20. Rxe1 d4 21. Nxc4 Bd5 22. Nd2 Bxa2 23. b3 Rd8 24. Bxd8 a5 25. Ra1 Bxb3 26. Nxb3 d3 27. cxd3 a4 28. Rxa4 c6 29. Ra7 g5 30. Na5 h5 31. Nxc6 g4 32. Ne5 h4 33. c6 g3 34. c7 h3 35. c8Q 1-0

[Event "Canadian op"]
[Site "Edmonton"]
[Date "2005.07.10"]
[Round "3"]
[White "Pradzinski, Tim"]
[Black "Camphaug, Lincoln"]
[Result "0-1"]
[WhiteElo "1894"]
[BlackElo "1602"]
[PlyCount "44"]
[EventDate "2005.07.09"]
[EventType "swiss"]
[EventRounds "10"]
[EventCountry "CAN"]
[SourceTitle "CBM 107 Extra"]
[Source "ChessBase"]
[SourceDate "2005.09.01"]
[SourceVersion "1"]
[SourceVersionDate "2005.09.01"]
[SourceQuality "1"]

1. e4 e5 2. f4 exf4 3. Nf3 d6 4. Bc4 g5 5. 0-0 Bg7 6. d4 Nc6 7. Nc3 h6 8. Kh1 Nge7 9. a3 Bg4 10. Bxf7+ Kxf7 11. Nxg5+ hxg5 12. Qxg4 Bf6 13. g3 Nxd4 14. gxf4 Rh4 15. Qg3 g4 16. Nd5 Nxd5 17. exd5 Nf3 18. Rxf3 gxf3 19. Qxf3 Qh8 20. Qe2 Re8 21. Qf2 Rxh2+ 22. Qxh2 Re1+ 0-1